1940 Top Populations - Statistics

General Stats
  • This quiz has been taken 36 times
  • The average score is 14 of 23
Answer Stats
Hint Answer % Correct
138M United States of America
100%
267M China
97%
170M Soviet Union
94%
86M Nazi Germany
90%
40M Brazil
77%
19M Mexico
77%
13M Argentina
68%
11M Canada
68%
17M Turkey
68%
545M British Empire
61%
111M French Empire
61%
78M Dutch Empire
58%
26M Spanish Empire
58%
57M Italian Empire
52%
304M Japanese Empire
52%
15M Thailand
48%
10M Union of South Africa
45%
22M Belgian Empire
42%
34M Poland
42%
15M Yugoslavia
42%
18M Portuguese Empire
39%
19M Romania
35%
14M Persia
29%
No matching quizzes found
Score Distribution
Percent of People with Each Score
Percentile by Number Answered
Your Score History
You have not taken this quiz